000 00517nam a22001817a 4500
005 20171106121557.0
010 _aENG-121227
020 _c150.00
_a9789350451373
035 _aEN-104759
037 _bDBAD/PUB
082 _a881
100 _aDey, Rukmini
245 _aIn the garden of my freedom /
_cby Rukmini Dey
260 _aCalcutta
_bA Writers Workshop Publication
_c2016
270 _a162/92 Lake Gardens
_bCalcutta
_e700045
300 _a64p.
_c22cm(Hb)
942 _2ddc
_cEN
_h881
_mDEY
999 _c147181
_d147181